000 00714nam a2200289Ia 4500
005 20260324133943.0
008 008 260324s9999 xx 000 0 eng d
020 _a9780203424964
037 _aEBOOK
040 _aCRL
040 _beng
040 _cCRL
041 _2eng
041 _aeng
084 _qCRL
100 _aBarbara K. Hofer; Paul R. Pintrich
_91195015
245 0 _aPersonal Epistemology
245 4 _bThe Psychology of Beliefs About Knowledge and Knowing
260 _bTaylor and Francis
260 _c2002
365 _a
365 _b230
856 _uhttp://www.taylorfrancis.com/books/9780203424964
942 _cEBOOK
999 _c1794602
_d1794602